[Event "Reykjavik op"]
[Site "Reykjavik"]
[Date "2016.03.16"]
[Round "9"]
[White "Grandelius, Nils"]
[Black "Gupta, Abhijeet"]
[Result "0-1"]
[WhiteElo "2645"]
[BlackElo "2634"]
[Annotator "Gupta,A"]
[PlyCount "92"]
[EventDate "2016.03.08"]
[EventType "swiss"]
[EventRounds "10"]
[EventCountry "ISL"]
[SourceTitle "CBM 172"]
[Source "ChessBase"]
[SourceDate "2016.05.12"]
[SourceVersion "1"]
[SourceVersionDate "2016.05.12"]
[SourceQuality "1"]

{Before this game I enjoyed a half point lead and Nils was the only one on
second spot. Generally Nils is a fighting player and goes for sharp lines
which suited me just fine.} 1. Nf3 Nf6 2. c4 {While preparing for this game I
checked that my opponent had played at least 5 different moves at the first
turning point. I wasn't quite spoilt for choices here - check over my entire
repertoire or just take a nap before the game? Of course I chose the latter :)}
g6 3. Nc3 d5 4. cxd5 Nxd5 5. g3 Bg7 6. Bg2 O-O 7. h4 {An interesting concept
which I have played myself as White.} h6 {In my opinion the most solid reply.}
(7... e5 {This is well met by the simple} 8. Nxd5 $1 (8. h5 Nxc3 9. bxc3 e4)
8... Qxd5 9. d3 Nc6 (9... h6 10. Be3 Qa5+ 11. Kf1 Nc6 12. Qc1 $40) 10. h5 Bg4
11. hxg6 hxg6 12. Rh4 {White has a typical attack.}) 8. O-O c5 9. Nxd5 Qxd5 10.
d4 {Technically a novelty but it's impossible to miss it as this is the first
line that engines suggest.} (10. d3 {is the other mainline here} Nc6 11. Be3
Qh5 $1 {I am sure this move has been analysed by many Grünfeld players but of
course it was first played by 'The Guru' Peter Svidler himself :)}) 10... cxd4
11. Be3 d3 $1 {A nice move to make especially when you remember that it also
has an exclamation mark in your notes :)} 12. Ne1 (12. Nd4 {is the most
testing continuation and probably on a better day Nils would have gone for it
instantly} Qd8 (12... dxe2 13. Qxe2 Qa5 14. Rac1 Nc6 $1 (14... e5 15. Nb3 Qxa2
16. Nc5 e4 17. Bxe4 Nd7 18. h5 Nxc5 19. Rxc5 g5 20. Bb1 Qxb2 21. Qd3 $1 f5 22.
Qc4+ Kh8 23. Rd1 {White is almost winning here thanks to much superior forces})
15. Nxc6 bxc6 16. Bxc6 Rb8 (16... Ba6 17. b4 Bxe2 18. bxa5 Bxf1 19. Bxa8 Rxa8
20. Kxf1 a6 21. Rc7 {White is still a bit better here}) 17. b4 Rxb4 18. Bc5 Rb2
19. Qxe7 Be6 20. a4 Rc8 21. Qxa7 Qxa7 22. Bxa7 Ra2 23. Bb5 Rxc1 24. Rxc1 Bb3 $1
{and finally Black is able to equalise}) 13. Qxd3 e5 14. Nb5 Qxd3 15. exd3 Nc6
16. Rfc1 Rd8 17. Bxc6 bxc6 18. Nxa7 Be6 19. Nxc6 Rxd3 {Having the two bishops
gives Black ample compensation for a pawn here.}) 12... Qd6 13. Nxd3 Nc6 14.
Rc1 Nd4 15. Re1 (15. Nc5 {This is what I had in my file but it also doesn't
give anything for White:} Rd8 16. Bxb7 Rb8 17. Bxc8 Rbxc8 $11) 15... Rd8 16.
Qa4 Bd7 17. Qb4 (17. Qa3 {is probably a better way to equalise} Qxa3 18. bxa3
Bg4 19. Bxd4 Rxd4 20. Rc7 Rad8 21. Rxe7 R4d7 22. Rxd7 Rxd7 $11) 17... Qxb4 18.
Nxb4 Nf5 $1 19. Bf4 $6 {From here on White starts to drift.} (19. Bc5 b6 {
practically forces a draw} 20. Bxe7 Nxe7 21. Bxa8 Rxa8 22. Rc7 Be6 23. Rxe7 Bf8
24. Nc6 Bxe7 25. Nxe7+ Kf8 26. Nc6 Bxa2 27. Ra1 Bc4 28. Rxa7 Rxa7 29. Nxa7 Bxe2
30. Nc8 $1 $11) 19... e5 20. Bd2 Bc6 21. Bc3 $6 {This is just being lazy now.}
(21. Nxc6 Rxd2 22. Na5 Rxb2 23. Nxb7 Nd4 24. Kf1 Rb8 25. Nd6 {I don't see how
Black can pose problems for White here.}) 21... Bxg2 22. Kxg2 e4 {Now I can
play for "two results" with an added bonus - almost 40 mins extra on the clock
:)} 23. Bxg7 Kxg7 24. Red1 Rac8 $1 {Although its an easy move to make it is
still somewhat pleasing to the eye.} 25. Rxd8 Rxd8 26. Rc4 a5 $6 (26... Rd2 27.
Rxe4 Nd6 $1 {Of course I hadn't seen this move and surprisingly after this its
not at all easy for White to hold on} 28. Re3 (28. Re7 Kf8 29. Rd7 Ke8 30. Rc7
Rxb2) 28... Rxb2 29. a3 a5 30. Nd5 a4 $17) 27. Nc2 Rd2 28. e3 Nd6 29. Rc5 (29.
Rc7 $2 {This runs into the beautiful} Ne8 $1 {with the idea Nf6-g4.}) 29... b6
30. Rc6 Nb7 31. b4 (31. Rxb6 Nc5 32. Ne1 Na4 33. Rc6 Nxb2 34. Rc2 Rxc2 35. Nxc2
Kf6 {and we have probably a slightly better version of what I had in the game.}
) 31... axb4 32. Nxb4 Na5 33. Rc2 $6 {With precise play White can probably
still hold on after this but this is already treading on very thin ice. White
had at least a couple of ways to hold this position without this move.} (33.
Rc7 b5 34. Rc2 $1 Rxc2 35. Nxc2 Nc6 36. f3 f5 (36... Kf6 37. fxe4 Ke5 38. Kf3
h5 39. Na3 Na7 40. Nc2 $11) 37. fxe4 fxe4 38. Nd4 $11) (33. Rc3 {The simplest
of all} b5 34. g4 Nc4 35. Kg3 Rb2 36. Rb3 $11) 33... Rxc2 34. Nxc2 Kf6 35. f3
$2 {Finally the clock had its say!} (35. g4 Ke5 36. Nd4 Nb7 (36... Kd5 37. h5
$1 gxh5 38. gxh5 Ke5 39. Kg3 f5 40. f4+ exf3 41. Kxf3 $11) 37. Kg3 Nc5 38. Nc6+
Kd6 39. Nd4 {Black can't really make progress here}) 35... Ke5 36. Nb4 Nc4 37.
Kf2 h5 38. g4 Nd2 39. gxh5 gxh5 40. Nc6+ Kd5 $2 {For some reason both of us
thought that Nd4 is the only move here.} (40... Kd6 41. Nd8 Nxf3 42. Nxf7+ Ke6
43. Nd8+ Ke7 44. Nc6+ Kd6 45. Nd4 Nxh4 $17) 41. Nd4 $2 {Played instantly.} (41.
Ne7+ Kd6 (41... Kc4 42. fxe4 Nxe4+ 43. Kf3 Nc3 44. Kf4 Nxa2 45. Kg5 b5 46. Kxh5
b4 47. Nc6 Kd3 48. Nxb4+ Nxb4 49. Kg5 $11) 42. Nf5+ Ke5 43. Ng7 Nxf3 44. Kg3 $1
$11) 41... Nxf3 42. Nxf3 {This loses by force but in any case White is much
worse now.} (42. Nf5 Ke5 43. Ng3 Nxh4 44. Nxh5 Ng6 $17) 42... exf3 43. Kxf3 Ke5
44. a4 f5 45. Ke2 Ke4 46. Kd2 Kf3 {During the game I had a feeling that I had
played a great game but alas that didn't last long :) So thanks to Nils I had
8/9 which looks impressive but last year Erwin L'Ami had 8.5/9 :) I drew the
last round without much of a goof-up and won the event with 8.5/10.   A
special thanks to the wonderful organisation led by Gunnar Bjornsson This is
one of the best organised opens with very friendly environment. Safe to say
that the weather in Reykjavik isn't as warm as its people! I have played here
many times and everytime it gets better. The playing conditions are superb and
the organisers ensure that its a very competitive field. There is something
for everyone while at Reykjavik and I am sure I will be back there to defend
my title next year!} 0-1

[Event "Asian Continental op 14th"]
[Site "Al Ain"]
[Date "2015.08.07"]
[Round "6"]
[White "Le, Quang Liem"]
[Black "Gupta, Abhijeet"]
[Result "1/2-1/2"]
[WhiteElo "2699"]
[BlackElo "2619"]
[Annotator "Gupta,A"]
[PlyCount "117"]
[EventDate "2015.08.02"]
[EventType "swiss"]
[EventRounds "9"]
[EventCountry "UAE"]
[SourceTitle "CBM 168"]
[Source "ChessBase"]
[SourceDate "2015.09.14"]
[SourceVersion "1"]
[SourceVersionDate "2015.09.14"]
[SourceQuality "1"]

{The game was played in the 5th round of the Asian continental chess
championship 2015 and I was a half point below the leaders. It was an
important game as I had Black against the top seed and a draw would keep me
close to the leaders.} 1. Nf3 Nf6 2. c4 g6 3. Nc3 d5 4. cxd5 Nxd5 5. h4 {
An interesting idea for White which has been favoured by the Chinese players
recently. Wei Yi had faced this variation twice in the Danzhou GM tournament a
few weeks before this game.} Bg7 6. e4 (6. h5 Nc6 {has been known to be okay
for Black.}) 6... Nxc3 7. dxc3 {This is actually the latest trend.It might
seem paradoxical to exchange queens after an aggressive thrust like 5.h4 but
White can still use the pawn to annoy Black in the endgame.} Qxd1+ 8. Kxd1 Bg4
$6 (8... Nd7 {is probably the best for Black but more work is needed to prove
full equality for Black.} 9. Bc4 $1 (9. Be3 Nf6) (9. h5 Nc5 10. hxg6 (10. h6
Bf8 11. e5 Bf5 12. Be3 Nd3 13. Bxd3 Bxd3) 10... hxg6 11. Rxh8+ Bxh8 12. Ng5 f5
13. f3 (13. exf5 Bxf5) 13... fxe4 14. Be3 Bf6) 9... Nf6 10. Ng5 O-O 11. f3 {
White still retains some pressure.}) 9. Kc2 Nd7 10. Be3 Nf6 (10... Bxf3 11.
gxf3 {simply gives away the bishop pair and the ruined pawn structure only
helps White because of the increased central control.}) 11. Nd2 Be6 12. f3 Nh5
(12... O-O-O {was probably better but White is already a bit better -} 13. Nb3
b6 14. Ba6+ Kb8 15. Rad1 $14) 13. Bb5+ $1 c6 (13... Bd7 14. Bxd7+ (14. a4 $5)
14... Kxd7 15. g4 Nf6 16. h5 $16) 14. Bc4 Bxc4 15. Nxc4 f5 {This weakens
Black's position but is practically forced.} (15... Nf6 16. Na5 $16) (15... b6
16. g4 Nf6 17. h5 $14 {White's space advantage is very dangerous.}) 16. exf5
Ng3 17. Rhe1 Nxf5 18. Rad1 Bf6 ({Probably a better move was the direct} 18...
Rd8 19. Rxd8+ Kxd8 20. Bxa7 Nxh4 21. Re2 $14) 19. Bg5 Bxg5 20. hxg5 {Black is
really in deep trouble already.} Rd8 21. g4 $2 (21. Rxd8+ Kxd8 22. Rh1 $1 {
Maybe not an easy move to find but Black loses a pawn by force now:} Ng3 23.
Rh6 Nf5 24. Rh2 Nd6 25. Ne5 Ke8 26. Nxg6 $16) 21... Rxd1 22. Kxd1 (22. Rxd1 b5
23. gxf5 bxc4 {allows Black to enter a slightly defensible rook endgame.})
22... Ng7 23. Re4 Rf8 24. f4 Kd8 (24... Kd7 25. Ne5+ Kc7 26. Rd4 Ne6 27. Rd7+
Kc8 28. Rxe7 Nxf4 29. Rxh7 Re8 30. Nc4 Rd8+ 31. Kc2 Rd7 32. Rh8+ Kc7 33. Rf8
Nd5 (33... Nd3 34. Rf6 b5) 34. Rg8 Nf4 35. Ne5) (24... c5 {In order to play ...
Kd7 and ...Ne6} 25. b4 b6 26. bxc5 bxc5 27. Kd2 Kd7 28. Ne5+ Kd6 29. Ra4 a5 30.
Nd3 Ne6 31. Ke3 Ra8 {White is most definetely better but has no forced win.})
25. Ke2 Ne8 26. Rd4+ Kc8 27. Ne5 (27. Kf3 Nc7 28. Re4) 27... Nc7 28. Re4 Ne6
29. Ke3 Nc5 30. Rc4 Ne6 31. a4 Rd8 $6 (31... a5 {was probably better but I did
not want to wait for White to show his intentions and wanted to create
counterplay quickly.} 32. Nd3 Kc7 33. Re4 Kd6 $14) 32. a5 Rd1 33. a6 $16 Re1+
34. Kf2 Rb1 35. b4 c5 36. axb7+ Kxb7 37. bxc5 (37. Nd3 $1 {Practically and
objectively the best move} cxb4 38. cxb4 Rb3 (38... Nd8 39. f5 Nf7 40. Re4 Nxg5
41. Rxe7+ Kc6 42. Rxa7 $16) 39. Ke2 Ra3 40. Re4 Ra6 41. Nc5+ Nxc5 42. Rxe7+ Kc6
43. bxc5 Kxc5 44. Rxh7 $18) 37... a5 38. Nf3 ({It was important to play first} 
38. c6+ $1 Kc7 39. Nf3 Rb6 (39... Rb8 40. f5 gxf5 41. gxf5 Ng7 42. g6 hxg6 43.
fxg6 {White has good chances to win here}) 40. f5 Nd8 41. Nd4 Nf7 42. Rc5 Nxg5
43. Rxa5) 38... Kc6 39. Re4 Nxc5 40. Rxe7 Rb7 {Black has good practical
chances to hold the game now.} 41. Ne5+ Kd5 42. Rxb7 (42. Re8 Ne6 43. Ke3 Rb3
44. Rc8 a4 45. Nf3 (45. Nd3) 45... a3 46. Nd2 Rb1 $1 47. c4+ Kd6 48. Ra8 Ra1
49. Ra6+ Kd7 50. f5 Nxg5) 42... Nxb7 $11 {The endgame is a simply =/=/+ now,
White has no more chances to win here and he even has to be careful to hold.}
43. Ke3 a4 44. c4+ Kc5 45. Kd3 (45. f5 a3 $19) 45... Nd6 46. Kc3 Ne4+ 47. Kb2
Kb4 48. f5 gxf5 49. gxf5 Nxg5 50. f6 h5 51. f7 Nxf7 52. Nxf7 h4 53. Ng5 Kxc4
54. Ka3 Kd3 55. Kxa4 Ke3 56. Kb3 Kf4 57. Nh3+ Kg4 58. Ng1 h3 59. Nxh3 1/2-1/2

[Event "NED-chT playoff"]
[Site "Breda"]
[Date "1996.05.??"]
[Round "1"]
[White "Gurevich, Mikhail"]
[Black "Nijboer, Friso"]
[Result "1-0"]
[WhiteElo "2590"]
[BlackElo "2475"]
[Annotator "Gurevich,M"]
[PlyCount "71"]
[EventDate "1996.05.??"]
[EventType "team"]
[EventRounds "2"]
[EventCountry "NED"]
[SourceTitle "CBM 053"]
[Source "ChessBase"]
[SourceDate "1996.08.01"]
[SourceVersion "1"]
[SourceVersionDate "1996.08.01"]
[SourceQuality "1"]

1. c4 Nf6 2. Nc3 g6 3. g3 Bg7 4. Bg2 O-O 5. d3 d6 6. Bg5 $5 {TN [/\7.Qd2]} h6
7. Bd2 c6 {[/\8...d5]} 8. e4 Nbd7 (8... d5 $6 9. cxd5 cxd5 10. exd5 e6 (10...
Nbd7 11. Nge2 Nb6 12. Nf4 $14) 11. dxe6 Re8 12. Nge2 Rxe6 13. O-O $16) 9. Nge2
e5 (9... Ne5 10. Bc1 Bg4 11. h3 Bf3 12. O-O $14 {[/\13.Bxf3 Nxf3 14.Kg2]}) 10.
h3 {[/\11.Be3,12.Qd2]} a6 {[/\11...b5<=><<]} 11. O-O b5 12. Be3 Rb8 (12... b4
13. Na4 c5 14. Qd2 Kh7 15. f4 $36) 13. cxb5 $5 axb5 14. b4 {[/\15.a4-><<]} Bb7
15. a4 (15. Qd2 $5 Kh7 16. a4 d5 $6 17. exd5 cxd5 18. Ba7 $16) 15... bxa4 16.
Rxa4 d5 $6 (16... c5 $1 17. b5 (17. bxc5 Nxc5 $10) (17. Qd2 $6 Nb6 18. Raa1
cxb4 19. Na2 d5 $1 $36) 17... Re8 18. Qd2 Kh7 $13 {(/\Nd7-f8-e6-d4)<=>}) 17.
Ba7 $5 (17. exd5 cxd5 18. d4 Bc6 $132) 17... Ra8 18. Ra5 $1 $14 {[/\Nc3-a4-c5]}
d4 $6 (18... Re8 $142 {(/\19...Bf8<=><<)}) 19. Na4 Ne8 {[/\Ne8-d6-b5]} 20. Qd2
Nd6 21. Nc5 Nxc5 22. Bxc5 $16 Re8 (22... Rxa5 $6 23. bxa5 Re8 24. f4 $36) 23.
f4 (23. Rxa8 $5 Bxa8 24. f4 $36) 23... Nb5 24. Qa2 $5 {[><f7]} Qd7 25. Kh2 {
[/\26.h4,17.Bh3]} (25. f5 $5 g5 26. f6 $40 {(/\27.h4)}) 25... Qe6 26. Qd2 exf4
27. Nxf4 Qb3 $6 (27... Qd7 $142 28. h4 Nc3 29. Bh3 Qc7 30. Rfa1 $16) (27... Qb3
{[#]}) 28. Qf2 $1 $40 {[/\29.Nd5]} Rxa5 (28... Rad8 $5 29. Raa1 $5 $16 (29. Nd5
Rd7 $13 (29... cxd5 30. Qxf7+ Kh8 31. Qxb7 $16))) 29. bxa5 Bc8 (29... Ra8 30.
Nd5 f5 (30... cxd5 31. Qxf7+ Kh8 32. Qxb7 $18) 31. Ne7+ $18 (31. exf5 cxd5 32.
fxg6 Kh8 33. Qf7 Bc6 34. Qe6 $18)) 30. a6 $1 $18 (30. Nd5 Be6 31. Nf6+ Bxf6 32.
Qxf6 Qxd3 $13) 30... Re5 $138 (30... Bxa6 31. Nd5 f5 32. Ne7+ (32. exf5 cxd5
33. f6 Rf8 $13) 32... Rxe7 33. Bxe7 Nc3 34. exf5 Bxd3 35. f6 $1 Bxf1 36. fxg7
Qf7 $8 37. Qxf7+ Kxf7 38. Bxf1 $18) (30... Qa4 31. Nxg6 Be6 32. Nf4 $40) 31. a7
Nxa7 (31... Qa4 32. Nxg6 fxg6 (32... Rxc5 33. Qxf7+ Kh7 34. Nf8+ Kh8 35. Qg6
$18) 33. Qf7+ Kh7 34. Rf6 $1 (34. Bf8 Qxa7 $13) 34... Rg5 $8 (34... Rxc5 35.
Rxg6 Qxa7 36. Rxg7+ Kh8 37. Rg8#) 35. Qe7 $1 $18 {(/\36.Rf7)}) 32. Bxa7 Ra5 33.
Bxd4 Ra2 34. Qe3 g5 (34... Qc2 35. Rf2 $18) 35. Nh5 Qe6 (35... Qc2 36. Rf2) 36.
Rf2 (36. Nxg7 $4 Qxh3+ 37. Kg1 Qxg2#) 1-0

[Event "FRA-chT"]
[Site "France"]
[Date "1999.??.??"]
[Round "3"]
[White "Gurevich, Mikhail"]
[Black "Sulypa, Oleksandr"]
[Result "1-0"]
[WhiteElo "2629"]
[BlackElo "2424"]
[Annotator "Gurevich,M"]
[PlyCount "83"]
[EventDate "1999.02.??"]
[EventType "team"]
[EventRounds "11"]
[EventCountry "FRA"]
[SourceTitle "CBM 069"]
[Source "ChessBase"]
[SourceDate "1999.04.01"]
[SourceVersion "1"]
[SourceVersionDate "1999.04.01"]
[SourceQuality "1"]

1. c4 Nf6 2. Nc3 d5 3. cxd5 Nxd5 4. g3 Nxc3 5. bxc3 g6 6. Bg2 Bg7 7. Rb1 Nc6 8.
Qc2 $5 {TN} (8. Qa4 O-O 9. h4 h6 10. Nf3 e5 11. O-O e4 $5 12. Ne1 (12. Qxe4 Bf5
$19) 12... Re8 $132 {1/2-1/2 Cebalo,M-Nikolic,Z/Novi Sad 1985/MCL (42)}) 8...
O-O 9. Nf3 b6 $5 {[/\ 10...Bb7 11...Qd7]} 10. O-O Bb7 11. d4 $5 Na5 12. e4 Qd7
$5 13. Bf4 Rfd8 14. Rfe1 (14. Rbd1 Ba6 15. Rfe1 Bb5 $5 $132) 14... c5 15. d5
Nc4 16. Rbd1 e5 $5 17. Bg5 f6 18. Bf1 $1 (18. Bc1 b5 $132) 18... Nd6 (18... b5
19. Bxc4 fxg5 $5 (19... bxc4 20. Be3 $14 {/\21.Nd2}) 20. Bf1 h6 $13) 19. Be3
Rf8 (19... c4 20. a4 $1 {/\21.Rb1|^<<}) 20. c4 Rae8 21. a4 Bc8 $5 22. a5 f5 (
22... Qd8 $5 {/\23...f5}) 23. exf5 (23. Ng5 Qe7 24. axb6 axb6 25. Bh3 (25. Ne6
Bxe6 26. dxe6 f4 $132) 25... f4 $132) 23... Qxf5 24. Qxf5 gxf5 25. axb6 axb6
26. Bd2 $5 (26. Rb1 f4 27. gxf4 exf4 28. Bc1 Bg4 $132) 26... Ne4 27. Rb1 Nxd2
28. Nxd2 Bh6 $5 (28... Rf6 29. Rb3 $14) 29. Nf3 e4 30. Rxb6 Bg7 $2 $138 (30...
exf3 $1 31. Rxe8 Rxe8 32. Rxh6 Re1 $132 33. Rc6 Bd7 34. Rc7 (34. Rxc5 f4 $1 $19
) 34... Ba4 35. Rxc5 Bc2 36. Rc8+ (36. d6 Bd3 $19) 36... Kf7 37. Rc7+ Kf8 $11)
31. Ng5 $16 Bd4 32. Nh3 Rf7 33. Nf4 Ra7 34. Bh3 Ra2 (34... e3 35. fxe3 Rxe3 36.
Rxe3 Bxe3+ 37. Kg2 $16) 35. Re2 Ra1+ 36. Kg2 Ba6 37. Rxa6 $1 Rxa6 38. Bxf5 $18
Re5 39. Bxe4 Ra4 40. Ne6 Rxe4 (40... Rxc4 41. d6 $18) 41. Rxe4 Rxc4 42. d6 1-0

[Event "Lost Boys op"]
[Site "Antwerp"]
[Date "1999.08.03"]
[Round "5"]
[White "Gurevich, Mikhail"]
[Black "Mikhalevski, Victor"]
[Result "1-0"]
[WhiteElo "2643"]
[BlackElo "2516"]
[Annotator "Gurevich,M"]
[PlyCount "59"]
[EventDate "1999.07.30"]
[EventType "swiss"]
[EventRounds "9"]
[EventCountry "BEL"]
[SourceTitle "EXT 2000"]
[Source "ChessBase"]
[SourceDate "1999.11.16"]
[SourceVersion "1"]
[SourceVersionDate "1999.11.16"]
[SourceQuality "1"]

1. c4 Nf6 2. Nc3 d5 3. cxd5 Nxd5 4. g3 g6 5. Bg2 Nb6 6. d3 Bg7 7. Be3 Nc6 8.
Nf3 O-O 9. Qc1 e5 10. Bh6 Bg4 $5 {TN} (10... Nd4 11. Bxg7 Nxf3+ 12. Bxf3 Kxg7
13. O-O c6 14. b4 Nd5 15. b5 $14 {1-0 Gheorghiu,F-Martz,W/Lone Pine 1975/MCD 
(29)}) 11. Bxg7 Kxg7 12. O-O (12. h3 Bf5 $5 $13) 12... Nd4 $6 (12... Qd7 13. b4
$5) 13. Nxd4 (13. Nxe5 Bxe2 14. Re1 Re8 $13) 13... exd4 14. Qf4 $1 h5 $5 (14...
dxc3 15. Qxg4 cxb2 16. Rab1 Qf6 17. Qb4 $14) (14... Qd7 15. Ne4 $5 Bxe2 16.
Rfe1 Bxd3 17. Nc5 Qb5 (17... Qf5 18. Qxd4+ Kg8 19. g4 $18) 18. Qxd4+ Kg8 19.
Nxb7 $14) 15. Nb5 $1 (15. h3 Bxh3 16. Bxh3 dxc3 17. bxc3 Re8 $13) 15... Kg8 (
15... Bxe2 16. Qe5+ $18) (15... c5 16. Qe5+ Kg8 17. Qxc5 Bxe2 18. Rfe1 Bxd3 19.
Nd6 $14) 16. f3 $6 (16. Rfe1 c5 17. Nd6 g5 18. Qe5 Nd7 19. Qd5 $14) (16. Nxd4
g5 (16... Re8 17. Bxb7 g5 18. Qc1 Qxd4 $16) 17. Qe5 Re8 18. Qc5 Bxe2 19. Rfe1
Na4 20. Qb4 c5 $11) 16... Bd7 $1 17. Nxd4 Re8 $1 $44 {[/\18...c5]} 18. Rfc1 $5
Ba4 $1 {[/\19...g5]} (18... Nd5 19. Qd2 Ne3 20. Nc2 $16) 19. Rxc7 f6 $1 20. Rc4
$5 (20. b3 g5 21. Nf5 Bd7 $1 $17 (21... gxf4 22. Nh6+ Kh8 23. Nf7+ $14)) 20...
Nxc4 (20... g5 21. Qc7 $14) 21. dxc4 Qb6 $5 (21... g5 22. Qd2 Rxe2 23. Qxe2
Qxd4+ 24. Qf2 (24. Kh1 Re8 $132) 24... Qxc4 25. f4 $14) 22. b3 g5 (22... Rxe2
23. c5 $1 Qxc5 24. Bf1 $13) 23. c5 $5 Qxc5 $2 (23... gxf4 24. cxb6 Bd7 (24...
Rad8 25. Rd1) 25. gxf4 $11) 24. Qxf6 Rad8 25. Qg6+ (25. Rd1 Rd6 $19) 25... Kf8
26. Rd1 Rd6 (26... Rxd4 27. Qf6+) (26... Qe5 27. f4 $36) (26... Rxe2 27. Bf1
Re5 28. Bc4 $18) 27. Qxh5 Kg7 28. e3 $1 Rh6 $2 $138 (28... Rxe3 $1 29. Nf5+
Qxf5 (29... Kf6 30. Qh6+ Kxf5 31. Bh3+ Ke5 32. Qxg5#) 30. Rxd6 Re1+ 31. Kf2
Qc2+ $3 32. Kxe1 Qc1+ 33. Kf2 (33. Rd1 Qe3+ 34. Kf1 Bb5+) 33... Qc5+ $11) 29.
Qg4 Bd7 $4 30. Qxd7+ 1-0